000 01095cam a2200301 a 4500
999 _c232813
_d232813
001 15644994
003 Nust
005 20170223144557.0
008 090303r20091985enk b 001 1 eng d
010 _a 2009290552
015 _aGBA8C8303
_2bnb
016 7 _a014799434
_2Uk
020 _a9781853262135 (pbk.)
035 _a(OCoLC)ocn271771881
040 _aUKM
_cUKM
_dBTCTA
_dYDXCP
_dDLC
042 _alccopycat
050 0 0 _aPS2112
_b.G6 2009
082 0 0 _a813.4
_bJAM
100 1 _aJames, Henry,
_d1843-1916.
245 1 0 _aDaisy Miller and other stories /
_cHenry James ;
260 _aOxford ;
_aNew York :
_bOxford University Press,
_c2009
300 _ali, 230 p. ;
_c20 cm.
440 0 _aOxford world's classics
504 _aIncludes bibliographical references and index.
505 0 _aDaisy Miller -- Pandora -- The Patagonia -- Four meetings.
700 1 _aGooder, Jean.
906 _a7
_bcbc
_ccopycat
_d2
_encip
_f20
_gy-gencatlg
942 _2ddc
_cBK